000 00318nam a22001457a 4500
003 SGT
020 _a978-81-7637-096-7
082 _a615.53
_bA15M
100 _aMISHRA, SIDDHI NANDAN
245 _aANANDAKANDAH
260 _aVARANASI
_bCHAUKHAMBHA PUB
_c2015
300 _a824
650 _aAYURVEDA
942 _2ddc
_cBK
999 _c14474
_d14474